Zoltán Gábor
Elmentve itt :
| Dokumentumtípus: | Cikk |
|---|---|
| Megjelent: |
2005-09-16
|
| Sorozat: | Délmagyarország
95 No. 217 |
| Kulcsszavak: | Zoltán Gábor, Szeged, Gyászközlemény |
| Online Access: | http://dmarchiv.bibl.u-szeged.hu/135264 |
| LEADER | 00413nab a2200145 i 4500 | ||
|---|---|---|---|
| 001 | delm135264 | ||
| 005 | 20191202090733.0 | ||
| 008 | 191202s2005 hu o 0|| hun d | ||
| 040 | |a SZTE Délmagyarország Archívum |b hun | ||
| 041 | |a hun | ||
| 245 | 0 | 0 | |a Zoltán Gábor |h [elektronikus dokumentum] |
| 260 | |c 2005-09-16 | ||
| 300 | |a 13 | ||
| 490 | 0 | |a Délmagyarország |v 95 No. 217 | |
| 695 | |a Zoltán Gábor, Szeged, Gyászközlemény | ||